| 000 | 00679cam a22002174a 4500 | ||
|---|---|---|---|
| 020 |
_a9780073376226 _qalk. paper |
||
| 082 | 0 | 0 |
_a004.6 _bFOR |
| 100 | 1 | _aForouzan, Behrouz A. | |
| 245 | 1 | 0 |
_aData communications and networking / _cBehrouz A. Forouzan. |
| 250 | _a5th ed. | ||
| 260 |
_aNew York, NY : _bMcGraw-Hill, _cc2013. |
||
| 300 |
_axxxvii, 1226 p. : _bill. ; _c24 cm. |
||
| 563 | _aHB | ||
| 650 | 0 |
_aData transmission systems. _917977 |
|
| 650 | 0 |
_aComputer networks. _93677 |
|
| 650 | 0 |
_aTCP/IP (Computer network protocol) _924824 |
|
| 942 |
_2ddc _cBK |
||
| 999 |
_c615179 _d615179 |
||